ბათუმის შოთა რუსთაველის სახელმწიფო უნივერსიტეტის ბიბლიოთეკა

საერთო სასამართლოს კონსტიტუციური წარდგინების ინსტრუმენტის გამოყენების პრაქტიკული სახელმძღვანელო / (ბიბ.ჩანაწერი № 58142)

000 -ლიდერი
ფიქსირებული სიგრძის საკონტროლო ველი 01339nam a22002177a 4500
003 - საკონტროლო ნომრის იდენტიფიკატორი
საკონტროლო ველი Ge_BSU
005 - ბოლო ოპერაციის თარიღი და დრო
საკონტროლო ველი 20210629130108.0
008 - ფიქსირებული სიგრძის მონაცემთა ელემენტები - ზოგადი ინფორმაცია
ფიქსირებული სიგრძის საკონტროლო ველი 210629s2021 ge ||||| |||| 00| 0 geo d
020 ## - წიგნის საერთაშორისო სტანდარტული ნომერი
International Standard Book Number 9789941269332
041 ## - ენის კოდი
Language code of text/sound track or separate title geo
080 ## - უნივერსალური ათობითი კლასიფიკაციის ინდექსი
Universal Decimal Classification number 34(075.3) დ-14
100 ## - მთავარი ჩანაწერი - პიროვნების სახელი
Personal name დავითური, გიორგი
9 (RLIN) 12148
245 ## - ცნობა სათაურის შესახებ
Title საერთო სასამართლოს კონსტიტუციური წარდგინების ინსტრუმენტის გამოყენების პრაქტიკული სახელმძღვანელო /
Statement of responsibility, etc გიორგი დავითური, გიორგი დავითაშვილი,რედ. თეიმურაზ ტუღუში.
264 ## - წარმოების, გამოცემის, დისტრიბუციის და სხვა ცნობები
გამოცემის, წარმოების, დისტრიბუციის... ადგილი თბილისი :
გამოცემის, წარმოების, დისტრიბუციის... სახელწოდება უნივერსალი,
გამოცემის, წარმოების, დისტრიბუციის... თარიღი 2021.
300 ## - ფიზიკური აღწერა
Extent 131 გვ .;
Dimensions 18 სმ.
653 ## - INDEX TERM--UNCONTROLLED
Uncontrolled term სამართალი
700 ## - ADDED ENTRY--PERSONAL NAME
Personal name დავითაშვილი, გიორგი
9 (RLIN) 9253
700 ## - ADDED ENTRY--PERSONAL NAME
Personal name ტუღუში, თეიმურაზ
Relator term რედაქტორი
9 (RLIN) 12149
856 ## - ELECTRONIC LOCATION AND ACCESS
Link text ელექტრონული ფაილი
Uniform Resource Identifier https://library.iliauni.edu.ge/wp-content/uploads/2021/06/28.-saertho-sasamarthlos-konstitutsiuri-tsardginebis-instrumentis-gamoqhenebis-praqtikuli-sa.pdf
942 ## - ADDED ENTRY ELEMENTS (KOHA)
Source of classification or shelving scheme
Koha item type წიგნი
ეგზემპლარები
ჩამოწერის სტატუსი დაკარგული ეგზემპლარის სტატუსი კლასიფიკაციის წყარო ან თაროზე გაწყობის სქემა დაზიანების სტატუსი არ გაიცემა მუდმივი მდებარეობა (დაცვის ადგილი) ამჟამინდელი ადგილსამყოფელი თაროზე განთავსების ადგილი შეძენის თარიღი ღირებულება, შესყიდვის ნორმალური ფასი სრული შენახვის შიფრი შტრიხკოდი ბოლო ოპერაციის თარიღი ეგზემპლარის მიმდევრობითი ნომერი (კეტერი?) ფასის ძალაში შესვლის თარიღი ეგზემპლარის სახეობა საჯარო შენიშვნა
          ბათუმის შოთა რუსთაველის სახელმწიფო უნივერსიტეტის მთავარი ბიბლიოთეკა ბათუმის შოთა რუსთაველის სახელმწიფო უნივერსიტეტის მთავარი ბიბლიოთეკა წიგნსაცავი 2021-06-29 7.00 34(075.3) დ-14 61445 2021-06-29 61445 2021-06-29 წიგნი 7ლ.35თ.
          ბათუმის შოთა რუსთაველის სახელმწიფო უნივერსიტეტის მთავარი ბიბლიოთეკა ბათუმის შოთა რუსთაველის სახელმწიფო უნივერსიტეტის მთავარი ბიბლიოთეკა წიგნსაცავი 2021-06-29 7.00 34(075.3) დ-14 61446 2021-06-29 61446 2021-06-29 წიგნი 7ლ.35თ.
          ბათუმის შოთა რუსთაველის სახელმწიფო უნივერსიტეტის მთავარი ბიბლიოთეკა ბათუმის შოთა რუსთაველის სახელმწიფო უნივერსიტეტის მთავარი ბიბლიოთეკა წიგნსაცავი 2021-06-29 7.00 34(075.3) დ-14 61447 2021-06-29 61447 2021-06-29 წიგნი 7ლ.35თ.
          ბათუმის შოთა რუსთაველის სახელმწიფო უნივერსიტეტის მთავარი ბიბლიოთეკა ბათუმის შოთა რუსთაველის სახელმწიფო უნივერსიტეტის მთავარი ბიბლიოთეკა წიგნსაცავი 2021-06-29 7.00 34(075.3) დ-14 61448 2021-06-29 61448 2021-06-29 წიგნი 7ლ.35თ.
          ბათუმის შოთა რუსთაველის სახელმწიფო უნივერსიტეტის მთავარი ბიბლიოთეკა ბათუმის შოთა რუსთაველის სახელმწიფო უნივერსიტეტის მთავარი ბიბლიოთეკა წიგნსაცავი 2021-06-29 7.00 34(075.3) დ-14 61449 2021-06-29 61449 2021-06-29 წიგნი 7ლ.35თ.